| 000 | 00508cam a2200205ua 4500 | ||
|---|---|---|---|
| 001 | 9005 | ||
| 005 | 20260515114420.0 | ||
| 008 | 150219n ii |||gr||||Z||||||asm | ||
| 040 | _cMAIN | ||
| 041 | _aasm | ||
| 082 | _a891.4513S | ||
| 100 |
_aBoruah, B, K., _eEditor. |
||
| 245 | 1 |
_aSolomala _cEdited by B. K. Boruah |
|
| 250 | _a1st. | ||
| 260 |
_aDibrugarh: _bAssamese, _c2009. |
||
| 300 | _a114p. | ||
| 653 | _aEast Indo-European & Celtic literatures | ||
| 653 | _aAssamese short stories | ||
| 942 | _cBK | ||
| 999 |
_c8089 _d8089 |
||